|
|
|
|
| LEADER |
00000nlm0a2200000 4500 |
| 001 |
341595 |
| 005 |
20240115145957.0 |
| 035 |
|
|
|a (RuTPU)RU\TPU\book\369812
|
| 035 |
|
|
|a RU\TPU\book\369807
|
| 090 |
|
|
|a 341595
|
| 100 |
|
|
|a 20181017d2018 k y0rusy50 ca
|
| 101 |
0 |
|
|a rus
|
| 102 |
|
|
|a RU
|
| 105 |
|
|
|a a dm 000zy
|
| 135 |
|
|
|a drcn ---uucaa
|
| 181 |
|
0 |
|a i
|
| 182 |
|
0 |
|a b
|
| 200 |
1 |
|
|a Формирование градиентных структур TiN/Ti/Zr-1Nb вакуумными ионно-плазменными методами для защиты от проникновения водорода
|e автореферат диссертации на соискание ученой степени кандидата физико-математических наук
|e спец. 01.04.07
|f Е. Б. Кашкаров
|g Национальный исследовательский Томский политехнический университет ; науч. рук. Н. Н. Никитенков
|
| 203 |
|
|
|a Текст
|c электронный
|
| 210 |
|
|
|a Томск
|d 2018
|
| 215 |
|
|
|a 1 файл (1 828 KB)
|
| 300 |
|
|
|a Заглавие с титульного экрана
|
| 300 |
|
|
|a Электронная версия печатной публикации
|
| 452 |
|
1 |
|0 (RuTPU)RU\TPU\book\370725
|t Формирование градиентных структур TiN/Ti/Zr-1Nb вакуумными ионно-плазменными методами для защиты от проникновения водорода
|o автореферат диссертации на соискание ученой степени кандидата физико-математических наук
|o спец. 01.04.07
|f Е. Б. Кашкаров
|g Национальный исследовательский Томский политехнический университет (ТПУ) ; науч. рук. Н. Н. Никитенков
|c Томск
|n [Б. и.]
|d 2018
|p 22 с.
|a Кашкаров, Егор Борисович
|
| 606 |
1 |
|
|a Циркониевые сплавы
|x Применение в атомной энергетике
|2 stltpush
|3 (RuTPU)RU\TPU\subj\18331
|9 43784
|
| 610 |
1 |
|
|a электронный ресурс
|
| 610 |
1 |
|
|a авторефераты диссертаций
|
| 610 |
1 |
|
|a труды учёных ТПУ
|
| 610 |
1 |
|
|a формирование
|
| 610 |
1 |
|
|a градиентные структуры
|
| 610 |
1 |
|
|a вакуумные методы
|
| 610 |
1 |
|
|a ионно-плазменные методы
|
| 610 |
1 |
|
|a защита
|
| 610 |
1 |
|
|a проникновение
|
| 610 |
1 |
|
|a водород
|
| 610 |
1 |
|
|a сплавы
|
| 610 |
1 |
|
|a цирконий
|
| 610 |
1 |
|
|a коррозия
|
| 610 |
1 |
|
|a износостойкость
|
| 610 |
1 |
|
|a водородное охрупчивание
|
| 610 |
1 |
|
|a циркониевые сплавы
|
| 610 |
1 |
|
|a ионная имплантация
|
| 610 |
1 |
|
|a осаждение
|
| 610 |
1 |
|
|a титан
|
| 610 |
1 |
|
|a модифицирование
|
| 610 |
1 |
|
|a механические свойства
|
| 610 |
1 |
|
|a покрытия
|
| 675 |
|
|
|a 621.039.1(04)
|v 3
|
| 686 |
|
|
|a 01.04.07
|2 oksvnk
|
| 700 |
|
1 |
|a Кашкаров
|b Е. Б.
|c физик
|c доцент, научный сотрудник Томского политехнического университета, кандидат физико-математических наук
|f 1991-
|g Егор Борисович
|3 (RuTPU)RU\TPU\pers\30728
|9 14999
|
| 702 |
|
1 |
|a Никитенков
|b Н. Н.
|c российский физик
|c профессор Томского политехнического университета, доктор физико-математических наук
|f 1953-
|g Николай Николаевич
|3 (RuTPU)RU\TPU\pers\25364
|4 727
|
| 712 |
0 |
2 |
|a Национальный исследовательский Томский политехнический университет
|b Инженерная школа ядерных технологий
|b Отделение экспериментальной физики
|3 (RuTPU)RU\TPU\col\23549
|
| 801 |
|
2 |
|a RU
|b 63413507
|c 20190212
|g RCR
|
| 856 |
4 |
|
|u http://earchive.tpu.ru/handle/11683/52846
|
| 942 |
|
|
|c CF
|